Normal view MARC view
  • Rousseau, Jean Jacques,

Entry Nombre Personal

Number of records used in: 17

001 - NUMERO DE CONTROL

  • campo de control: 4996

003 - IDENTIFICADOR DE NUMERO DE CONTROL

  • campo de control: MX-MxUPN

005 - FECHA Y HORA DE LA ÜLTIMA TRANSACCIÓN

  • campo de control: 20240924122559.0

008 - DATOS DE LONGITUD FIJA

  • campo de control de longitud fija: 240924n||acnnnbabn n ana |d

035 ## - NUMERO DE CONTROL

  • Número de control: UPN10000004996

040 ## - FUENTE DE CATALOGACIÓN

  • Lenguaje de catalogación: spa
  • Agencia de transcripción: MX-MxUPN
  • Agencia original de catalogación: MX-MxUPN

053 #4 - NÚMERO DE CLASIFICACIÓN LC

  • Número de clasificación elemento-número único o número inicial de tramo: B2137

100 1# - ENCABEZAMIENTO - NOMBRE PERSONAL

  • Nombre personal: Rousseau, Jean Jacques,
  • Fechas asociadas con el nombre: 1712-1778
  • Subdivisión temática general : Crítica e interpretación

670 ## - FUENTE EN LA QUE SE LOCALIZARON DATOS

  • Cita de la fuente: T/P
  • Información localizada: Salvat Universal

670 ## - FUENTE EN LA QUE SE LOCALIZARON DATOS

  • Cita de la fuente: Autoridades BGTQ, 24 septiembre 2024 :
  • Información localizada: (Rousseau, Jean Jacques, 1712-1778 -- Crítica e interpretación)

902 ## - CATALOGADOR

  • Catalogador: CAA/141096
  • Catalogador: MaríaRobles/240924